000 00394 a2200121 4500
001 ART_39374
005 20260410162005.0
008 260409a
245 1 0 _aObligaciones de dar dinero en moneda extranjera
100 1 _aFossaceca, Carlos Alberto (h)
700 1 _aLamanna Guiñazú, Emiliano C.
773 0 _tTemas de derecho civil
_g- Año 2, Nº 6 (jun. 2016)
_wREV34778
999 _c31633
_d31633